000 01437cad a2200229 4500
001 L158357
008 040913n2014 000 0 eng u
035 _a(Sirsi) u158357
041 _aeng
110 2 _aRoyal Institution of Chartered Surveyors
_94900
245 0 0 _aBuilding permits and sustainability
_bA method for measuring the uptake of sustainability in the built environment over time
_h[electronic resource]
260 _aLondon
_bRICS
_c2014
490 0 _aRICS Research
520 _aEvaluates the viability of collecting data on sustainability measures integrated into buildings through an expansion of data currently available in building permit data. Ascertains the content and scope of building permit data collection across Australia and England and wales and types of data collection and storage methods adopted. Identifies the barriers and scope for changing building permit data collection. Develops and proposes a model for collecting sustainability data for building permits of all building types and land uses to deliver regulatory efficiency and effectiveness.
650 2 4 _aGREENHOUSE GAS EMISSIONS
651 4 _aAustralia
651 4 _aENGLAND AND WALES
690 _aSustainability
_96271
700 1 _aWilkinson, Sara J
856 4 8 _uhttps://www.propertyresearchtrust.org/uploads/1/3/4/8/134819607/building_permits_and_sustainability.pdf
_zAvailable from the Property Research Trust
942 _n0
_2ddc
999 _c115278
_d115278